| 000 | 00424nam a2200181Ia 4500 | ||
|---|---|---|---|
| 001 | 4214 | ||
| 005 | 20260306145739.0 | ||
| 008 | 260306t2006||||xx |||||||||||||| ||spa|| | ||
| 041 | _aESP | ||
| 082 |
_a320.01 _bK37 |
||
| 100 |
_aKelson, Hans _eAUT |
||
| 245 | 0 | _a¿Una nueva ciencia de la política? | |
| 260 | _c2006 | ||
| 300 |
_a304 páginas : _c17 cm. |
||
| 650 | _aGEN | ||
| 654 | _aCDE | ||
| 942 |
_cLIB _dJUS _fJUS _2ddc _n |
||
| 999 |
_c4214 _d4214 |
||